000 00430nam a2200157Ia 4500
008 240729s9999 xx 000 0 und d
022 _a2289-7232
245 0 _aJurnal Tribologi
260 _aMalaysia
260 _bMalaysian Tribology Society
650 _a Mechanical engineering and machinery
650 _aTechnology
856 _uhttps://doaj.org/toc/5cbb8d7a96f74e299edae81c4af03039
942 _2ddc
942 _cDOAJEJ
999 _c70839
_d70839
945 _a1
_bMadushi Gamage
_c1
_dMadushi Gamage